000 00326 a2200145 4500
020 _a978-7-119-14336-1
040 _aISPLB
082 _b32
100 _91011
_aXI,Jinping
245 _aThe Governance of China
260 _aChina ,
_bForeign Language Press
_c2025.
300 _a635p
650 _aPolitica
942 _cLivros
999 _c2187
_d2187